| 000 | 00669nam a2200205Ii 4500 | ||
|---|---|---|---|
| 003 | JO-AjNU | ||
| 008 | 230605s9999||||xx |||||||||||||| ||und|| | ||
| 040 |
_aJO-AjNU _bara _erda _cJO-AjNU |
||
| 041 | _aara | ||
| 050 | 1 | 4 | _aLC4704 2008 |
| 100 | 3 |
_aجرار،عبد الرحمن محمود, _eauthor _928654 |
|
| 245 | 0 | 0 | _aصعوبات التعلم قضايا حديثة |
| 250 | _aط1 | ||
| 264 | 3 | 1 | _aالكويت:مكتبة الفلاح،2008/عمان:دار حنين،2008 |
| 300 | _a373ص | ||
| 336 |
_atext _btxt _2rdacontent |
||
| 337 |
_aunmediated _bn _2rdamedia |
||
| 338 |
_avolume _bnc _2rdacarrier |
||
| 650 | 4 |
_aصعوبات تعلم-قضايا _928655 |
|
| 999 |
_aA11141 _c14709 _d14709 |
||